Songs by Decade #3 - Statistics

General Stats
  • This quiz has been taken 22 times
  • The average score is 17 of 25
Answer Stats
Hint Extra Hint Answer % Correct
I Want to Hold Your Hand The Beatles 1960s
89%
Purple Rain Prince 1980s
89%
Viva la Vida Coldplay 2000s
89%
We Built This City Starship 1980s
84%
Wake Me Up When September Ends Green Day 2000s
84%
Starships Nicki Minaj 2010s
84%
Rock Around The Clock Bill Haley & His Comets 1950s
79%
Paint It Black The Rolling Stones 1960s
79%
Wish You Were Here Pink Floyd 1970s
79%
One of These Nights Eagles 1970s
79%
Stayin’ Alive Bee Gees 1970s
79%
This Must Be The Place (Naive Melody) Talking Heads 1980s
79%
Hit ‘Em Up Tupac Shakur 1990s
74%
Californication Red Hot Chili Peppers 1990s
74%
Tutti Frutti Little Richard 1950s
68%
My Hero Foo Fighters 1990s
68%
Behind Blue Eyes The Who 1970s
63%
The Safety Dance Men Without Hats 1980s
58%
Land of Confusion Genesis 1980s
58%
Brown Eyed Girl Van Morrison 1960s
53%
(You Gotta) Fight For Your Right The Beastie Boys 1980s
53%
Lady Marmalade Patti LaBelle 1970s
47%
Tom Sawyer Rush 1980s
47%
Be My Lover La Bouche 1990s
37%
David Bowie 2010s
26%
No matching quizzes found
Score Distribution
Percent of People with Each Score
Percentile by Number Answered
Your Score History
You have not taken this quiz